Reglamento para el régimen y gobierno interior de la Casa Hospicio y Niños Expósitos de la provincia de Burgos
Descripción Física:
34 p. ; 22 cm
MARC
| LEADER | 00000nam a2200000Ia 4500 | ||
|---|---|---|---|
| 001 | 17968 | ||
| 008 | 160829s1863 xx 000 0 cat d | ||
| 080 | |a RF-2-17 | ||
| 100 | |a Casa Hospicio y Niños Expósitos (Burgos) |9 46593 | ||
| 245 | |a Reglamento para el régimen y gobierno interior de la Casa Hospicio y Niños Expósitos de la provincia de Burgos | ||
| 260 | |a Burgos : |b Imp. Provincial a cargo de Jiménez, |c 1863 | ||
| 300 | |a 34 p. ; |c 22 cm | ||
| 590 | |a Prové de 775, exp. 5 | ||
| 650 | |a Casa Hospicio y Niños Expósitos |x Burgos |x Reglaments |9 46594 | ||
| 650 | 0 | |a Beneficència |9 43515 | |
| 856 | 4 | |u https://media.diba.cat/diba/fitxers/arxiu/fulletons/bib_17968_1863_baixa.pdf |y Accés lliure | |
| 856 | 4 | |u https://media.diba.cat/diba/fitxers/arxiu/fulletons/bib_17968_1863_baixa.pdf |y Accés lliure | |
| 901 | |a Arxiu | ||
| 942 | |n 1 |2 udc | ||
| 952 | |0 0 |1 0 |4 0 |6 RF217 |7 1 |9 53301 |a Arxiu |b Arxiu |d 2016-12-01 |l 0 |o RF-2-17 |p 17968 |r 2016-12-01 00:00:00 |w 2016-12-01 |y ARXIU | ||
| 999 | |c 57165 |d 57165 | ||
| 900 | |a bib_17968_1863_baixa.pdf | ||